| 000 | 00830nam a22002652 4500 | ||
|---|---|---|---|
| 999 |
_c17518 _d17518 |
||
| 001 | 0000024115 | ||
| 003 | OSt | ||
| 005 | 20190306115054.0 | ||
| 008 | 130611s xx 000 0 eng d | ||
| 020 | _a0273764020 : | ||
| 040 |
_aKABU _cKABU |
||
| 050 |
_aQA76.625 _b.I58 2012 c. 1 |
||
| 100 | 1 | _aDeitel, Paul. | |
| 245 | 1 | 0 |
_aInternet & World Wide Web : _bhow to program / _cPaul Deitel, Harvey Deitel, Abbey Deitel |
| 250 | _a5th ed. | ||
| 260 |
_aEngland : _bPearson Education Limited, _c2012. |
||
| 300 | _a955 p. | ||
| 650 | 0 | _aInternet programming. | |
| 650 | 0 | _aWorld Wide Web. | |
| 700 | 1 | _aDeitel, Harvey. | |
| 700 | 1 | _aDeitel, Abbey | |
| 908 | _a130611 | ||
| 942 |
_2lcc _cBK _hQA76.625 _i.I58 2012 c. 1 _kKTC |
||